Missing Word: 2012 Movies (A-Z) Quiz Stats

 Plays Quiz Updated Sep 7, 2019

Score 0/25 Timer 03:00
2 Plays Today
Movie Title Missing Word % Correct
_____ of PiLife
96%
21 Jump _____Street
94.9%
The _____ GamesHunger
94.7%
_____ Age: Continental DriftIce
94.7%
The _____ Spider-ManAmazing
93.6%
The Dark _____ RisesKnight
93.4%
Wreck-It _____Ralph
92.7%
The Woman in _____Black
89.9%
What to Expect When _____ ExpectingYou're
89.8%
_____ UnchainedDjango
88.4%
_____ Dark ThirtyZero
86.8%
_____ ReacherJack
86.5%
_____ Means WarThis
86%
Movie Title Missing Word % Correct
Silver Linings _____Playbook
84.2%
Think Like a _____Man
80.4%
The _____ of VersaillesQueen
74.7%
Rise of the _____Guardians
49.6%
The Five-Year _____Engagement
49.2%
_____ of the TitansWrath
46%
Joyful _____Noise
44%
John _____Carter
43.3%
The _____ Life of Timothy GreenOdd
40.1%
Act of _____Valor
35.2%
The Man with the Iron _____Fists
34.5%
_____: AwakeningUnderworld
32.8%

Today's Daily Dose

Missing Word
Celine Dion

Word Ladder
Dr. Seuss Books

Quick Pick
Cities in India

Get the Picture
'A' Actresses

You're not logged in!

Compare scores with friends on all Sporcle quizzes.
OR
Log In

Sporcle TV

Today on Sporcle TV


Watch our educational content, quiz creation guides, and fun videos on Sporcle TV.

Show Comments

Extras

Top Quizzes Today


Score Distribution

Your Account Isn't Verified!

In order to create a playlist on Sporcle, you need to verify the email address you used during registration. Go to your Sporcle Settings to finish the process.

Report this User

Report this user for behavior that violates our Community Guidelines.

Details: